=LDR 00000nam 2200000 4500 =001 000675 =005 20250711022252 =035 ##$$a 0010-0725000543 =007 ta =008 250711################a##########0#ind## =020 ##$$a 978-623-307-682-1 =082 ##$$a 398.209 598 =084 ##$$a 398.209 598 SIM r =100 #$$a Simba, Deogratias =245 1#$$a Rencana Putri Bahati /$c Deogratias Simba =250 ##$$a Cetakan Pertama =260 ##$$a Jakarta Timur :$b Badan Pengembangan dan Pembinaan Bahasa,$c 2022 =300 ##$$a 18 hlm : $b ilus. ; $c 22,9 cm =650 #4$$a Literasi-Bahan Bacaan =600 #4$$a Cerita anak Indonesia - Terjemahan =856 ##$$a TBM AS SUHADA =990 ##$$a TBM04500450